Statistics for NBA: Most Points in a Game by Team (2020)

Click here to take the quiz!

General Stats

  • This quiz has been taken 50 times
    (25 since last reset)
  • The average score is 19 of 30

Answer Stats

TeamPlayerPoints% Correct
Phoenix SunsDevin Booker70
100%
Golden State WarriorsStephen Curry62
100%
Los Angeles LakersLeBron James61
95%
Brooklyn NetsJames Harden61
90%
Utah JazzDonovan Mitchell46
86%
Washington WizardsRussell Westbrook58
86%
Milwaukee BucksGiannis Antetokounmpo52
81%
Denver NuggetsJamal Murray48
81%
Miami HeatJimmy Butler53
76%
Minnesota TimberwolvesKarl-Anthony Towns52
71%
Dallas MavericksTrey Burke / Luka Doncic42
71%
Chicago BullsZach LaVine49
71%
Philadelphia 76ersJoel Embiid49
67%
Cleveland CavaliersKevin Love51
67%
Atlanta HawksTrae Young50
67%
Portland Trail BlazersCarmelo Anthony62
62%
Toronto RaptorsFred VanVleet54
62%
Boston CelticsKemba Walker60
62%
Los Angeles ClippersLou Williams50
62%
Detroit PistonsBlake Griffin50
57%
Charlotte HornetsGordon Hayward44
52%
San Antonio SpursLaMarcus Aldridge56
52%
New York KnicksDerrick Rose50
48%
Sacramento KingsBuddy Hield42
43%
Memphis GrizzliesJaren Jackson Jr.43
43%
Indiana PacersT.J. Warren53
38%
Orlando MagicTerrence Ross51
29%
Houston RocketsDeMarcus Cousins56
19%
New Orleans PelicansJ.J. Redick40
19%
Oklahoma City ThunderTrevor Ariza40
19%

Score Distribution

Percentile by Number Answered

Percent of People with Each Score

Your Score History

You have not taken this quiz since the last reset